Every 1M City in Brazil with a Map - Statistics

General Stats
  • This quiz has been taken 215 times
  • The average score is 17 of 21
Answers on the Map
Answers color-coded by a green-red scale on the quiz's map according to % correct below.
 
Answer Stats
Population City % Correct
13.3 m Rio de Janeiro
100%
22.6 m Sao Paulo
100%
5.05 m Belo Horizonte
98%
4.05 m Brasilia
98%
2.25 m Manaus
97%
3.62 m Salvador
95%
3.72 m Fortaleza
89%
3.85 m Recife
89%
4.15 m Porto Alegre
87%
2.25 m Belem
86%
3.45 m Curitiba
86%
3.25 m Campinas
80%
1.43 m Natal
75%
2.45 m Goiania
74%
1.45 m Sao Luis
72%
1.01 m Florianopolis
59%
1.87 m Vitoria
58%
1.76 m Santos
57%
1.14 m Joao Pessoa
55%
1.04 m Teresina
51%
1.12 m Maceio
48%
No matching quizzes found
Score Distribution
Percent of People with Each Score
Percentile by Number Answered
Your Score History
You have not taken this quiz